Переписка с членом ЦИК СССР Селичевой

Доступно только в Электронных читальных залах Найти на картеНа карте
RUSMARC
00004622nac2a22003253x 450
00187ce593b-eee0-4a0a-8580-b4e83528ba18
00520240814085059.0
100##$a20240716l19321934k y0rusy50 ca
1010#$arus
102##$aRU
105##$ay z |||e|
1222#$ad19320327
$ad19340827
2001#$aПереписка с членом ЦИК СССР Селичевой
$j27.03.1932 - 27.08.1934
215##$a28 листов
$d38,6 х 26
251##$cДело
300##$aЗаголовок дела на папке: Переписка с членом ЦИК СССР т. Семичевой
300##$aЧасть текста машинописная и рукописная, часть - напечатана типографским способом
324##$aВ деле имеются копии отдельных документов
461#0$1001796d4672-8a00-4986-b488-6e42273792cc
$12001
$aЦЕНТРАЛЬНЫЙ ИСПОЛНИТЕЛЬНЫЙ КОМИТЕТ СССР (ЦИК СССР).
$1251
$cФонд
$1852
$gР
$j3316
462#0$10010e4f070e-6618-4dbd-8052-a0bac09a3d58
$12001
$aДела Секретариата Президиума ЦИК Союза ССР. 1932 г.
$vД. 891
$1251
$cОпись
$1852
$j25
5171#$aПереписка с членом ЦИК СССР т. Семичевой
600#1$aСемичева
60101$3RU\NLR\AUTH\880357276
$aСССР
$bЦИК
605##$3DITM\AF\0000002775
$aВласть
$lколлекция
$2acquisition_prlib
6101#$aПереписка
686##$a63.3(2)61-332ю1
$cИстория
$2rubbk
686##$a67.400.6ю1
$cПраво
$2rubbk
801#0$aRU
$bGA_RF
801#1$aRU
$bГлавНИВЦ
$c20240716
$2rusmarc
801#2$aRU
$bПБ им. Б.Н. Ельцина
$c20240814
$gRCR
$2rusmarc
852##$aГА РФ
$j891
937##$d193571058
$hГАРФ
035##$aRuPRLIB51076234
856##$uhttp://readingroom.main.prlib.ru/item.aspx?id_node=n193571058&mode=full
Формат отображения